The Punjab and Delhi in 1857/ (Record no. 68962)
[ view plain ]
| 000 -LEADER | |
|---|---|
| fixed length control field | 01158nam a22002177a 4500 |
| 005 - DATE AND TIME OF LATEST TRANSACTION | |
| control field | 20120809122427.0 |
| 010 ## - LCCN (DPL NO) | |
| LC control number | B-477233-234 |
| 020 ## - INTERNATIONAL STANDARD BOOK NUMBER | |
| International Standard Book Number | 8187226099 (set ) |
| Terms of availability | 1495.00 (set of 2 vol.) |
| 035 ## - SYSTEM CONTROL NUMBER | |
| System control number | B-477233-234 |
| 037 ## - SOURCE OF ACQUISITION | |
| Stock number | dpl |
| Source of stock number/acquisition | k.k. /pub/ven |
| 082 ## - DEWEY DECIMAL CLASSIFICATION NUMBER | |
| Classification number | 954.08 |
| 100 ## - MAIN ENTRY--PERSONAL NAME | |
| Personal name | Brown, J.C. |
| 245 ## - TITLE STATEMENT | |
| Title | The Punjab and Delhi in 1857/ |
| Statement of responsibility, etc | by J.C. Brown |
| 260 ## - PUBLICATION, DISTRIBUTION, ETC. (IMPRINT) | |
| Place of publication, distribution, etc | New Delhi |
| Name of publisher, distributor, etc | Shubhi Publication |
| Date of publication, distribution, etc | 1999 |
| 270 ## - ADDRESS | |
| Address | 5, Ansari road daryaganj, |
| City | New Delhi |
| Postal code | 1999 |
| 300 ## - PHYSICAL DESCRIPTION | |
| Extent | 2 v. ( xxi,389 p: viii,372 p.) |
| Dimensions | 22 cm. (Hb) |
| 942 ## - ADDED ENTRY ELEMENTS (KOHA) | |
| Source of classification or shelving scheme | Dewey Decimal Classification |
| Item type | English Books |
| Call number suffix | BRO |
| Classification part | 954.08 |
| Withdrawn status | Lost status | Materials specified (bound volume or other part) | Not for loan | Collection code | Home library | Current library | Date acquired | Source of acquisition | Cost, normal purchase price | Full call number | Barcode | Copy number | Cost, replacement price | Koha item type |
|---|---|---|---|---|---|---|---|---|---|---|---|---|---|---|
| V.1 | Not For Loan | Reference | Central Library | Central Library | 16/08/2012 | K.K.Pub/1907/30.3.2012/SP/45/30.03.2012/30.03.2012 | 1495.00 | 954.08 BRO | B-477233 | 1 set | 1495.00 | English Books | ||
| V.2 | Not For Loan | Reference | Central Library | Central Library | 16/08/2012 | K.K.Pub/1907/30.3.2012/SP/45/30.03.2012/30.03.2012 | 1495.00 | 954.08 BRO | B-477234 | 1 set | 1495.00 | English Books |
